1272 1044 1464 1943 1596 1883 1635 1237 1489 1701 1714 1498 1471 1947 1954 1728 1580 1784 1870 1836 1089 1069 1780 1091 1772 1597 1606 1851 1219 1900 1264 1399 1399 1888 1911 1735 1442 1724 1110 1492 1608 1368 1183 1291 1015 1576 1818 1124 1158 1486 1736 1068 1024 1401 1607 1016 1982 1428 1603 1567 1910 1899 1118 1946 1034 1345 1652 1950 1205 1812 1243 1025 1213 1389 1172 1435 1099 1810 1356 1495 1186 1162 1253 1516 1463 1269 1156 1931 1748 1187 1277 1001 1956 1595 1567 1703 1930 1593 1977 BCNSPRNW ULIB Ver.6.0+V

เปลี่ยนเป็นภาษาไทย

Change to English
 แสดงรายละเอียดบรรณานุกรม
  กลับหน้าหลัก

Brief Record : Get Marc (ISO 2709) : E-mail record : QR code < ปิดหน้าต่าง
LEADER : 00000nam 2200000uu 4500
001    13399123204
003     ULIB
008    020711s2551 th a 000 0 tha d
020    9789749694428
090    นว.^bว298พ
100    วรางคณา
245    พฤกษาพาฝัน/^cวรางคณา
250    พิมพ์ครั้งที่ 1
260    กรุงเทพฯ :^bดอกหญ้า,^c2551
300    200 หน้า;^b21 ซม.
710    ดอกหญ้า
945    ^p140^l0^i20340
999    ^aทศพร เกษรทอง
รายการนี้ยังไม่มีแท็ก
คุณยังไม่ได้ล็อกอิน คุณสามารถมีกิจกรรมร่วมกับเว็บไซต์ได้ แต่ต้องล็อกอินก่อน ::
  ล็อกอิน

รายการสื่อสารสนเทศ

ลำดับที่ ประเภท เลขเรียก/บาร์โค้ด สถานที่ สถานะ
1. นวนิยาย
นวนิยาย
นว. ว298พ ฉ.1 
  Barcode: 20340
ห้องสมุดวิทยาเขตนครสวรรค์
►นวนิยาย:l:Fiction
บนชั้น
Note:บริจาค

รายการใกล้เคียง
    ผู้แต่ง [วรางคณา]

BibComment


ยังไม่เคยถูกคอมเมนท์

คอมเมนท์ทรัพยากรรายการนี้
  คอมเมนท์: พฤกษาพาฝัน วรางคณา


 Copyright 2026. Bcnsprnw @Library